[Event "AUTO-MASTER-3275"]
[Site "http://www.queenalice.com/game.php?id=1860948"]
[Date "2025.8.2"]
[Round "1"]
[White "Jsc"]
[Black "cerenzo72"]
[Result "0-1"]
[WhiteElo "1931"]
[BlackElo "2144"]

1. e4 e5 2. Nf3 d6 3. h3 Nf6 4. Nc3 b6 5. Bc4 Bb7 6. d3 Nbd7 7. Ng5 d5 8. exd5
Bd6 9. Nge4 Nxe4 10. dxe4 O-O 11. O-O a6 12. a4 Qf6 13. Ne2 Nc5 14. f3 c6 15.
dxc6 Bxc6 0-1

[Event "AUTO-MASTER-3275"]
[Site "http://www.queenalice.com/game.php?id=1860950"]
[Date "2025.8.2"]
[Round "1"]
[White "Jsc"]
[Black "Rafale2000"]
[Result "0-1"]
[WhiteElo "1883"]
[BlackElo "1983"]

1. e4 Nf6 2. e5 Nd5 3. c4 Nb6 4. a4 Nxc4 5. Bxc4 d5 6. Be2 Bf5 7. d4 e6 8. Nc3
Be7 9. h3 c5 10. Nf3 Nc6 11. Be3 cxd4 12. Nxd4 Nxd4 13. Bxd4 O-O 14. O-O f6 15.
Re1 fxe5 16. Bxe5 Qb6 0-1

[Event "AUTO-MASTER-3275"]
[Site "http://www.queenalice.com/game.php?id=1860951"]
[Date "2025.8.2"]
[Round "1"]
[White "Rafale2000"]
[Black "Jsc"]
[Result "1-0"]
[WhiteElo "1944"]
[BlackElo "2056"]

1. e4 e6 2. d4 d5 3. Nd2 dxe4 4. Nxe4 Nf6 5. Nxf6+ Qxf6 6. c3 h6 7. Qf3 Be7 8.
Bd3 O-O 9. Bf4 c6 10. Be5 Qxf3 11. Nxf3 Rd8 12. O-O-O Nd7 13. Bc7 Rf8 14. Ne5
Nf6 15. f3 Nd5 16. Rhe1 Nxc7 17. f4 Nd5 18. g3 Nf6 19. h3 Nd7 20. g4 Nxe5 21.
dxe5 b6 22. f5 Bg5+ 23. Kc2 1-0

[Event "AUTO-OPEN-4607"]
[Site "http://www.queenalice.com/game.php?id=1861047"]
[Date "2025.8.4"]
[Round "1"]
[White "Jsc"]
[Black "LMP1989"]
[Result "0-1"]
[WhiteElo "2036"]
[BlackElo "2155"]

1. e4 c5 2. c3 d5 3. exd5 Qxd5 4. Nf3 Nf6 5. Be2 Nc6 6. Na3 e5 7. Nc2 Be7 8. d4
e4 9. Ng5 h6 10. Nh3 Bxh3 11. gxh3 e3 12. Bf3 exf2+ 13. Kxf2 Qf5 14. Kg2 O-O 0-1

[Event "AUTO-OPEN-4607"]
[Site "http://www.queenalice.com/game.php?id=1861048"]
[Date "2025.8.4"]
[Round "1"]
[White "LMP1989"]
[Black "Jsc"]
[Result "1-0"]
[WhiteElo "2163"]
[BlackElo "2025"]

1. e4 e6 2. d4 d5 3. Nc3 Nf6 4. e5 Nfd7 5. f4 c5 6. Nf3 cxd4 7. Nxd4 g6 8. Be2
a6 9. a4 Nc6 10. Nxc6 bxc6 11. Be3 c5 12. Bf2 Rb8 13. b3 Bg7 14. O-O O-O 15. Qd2
1-0

[Event "AUTO-OPEN-4607"]
[Site "http://www.queenalice.com/game.php?id=1861049"]
[Date "2025.8.4"]
[Round "1"]
[White "Jsc"]
[Black "Zero007"]
[Result "0-1"]
[WhiteElo "1971"]
[BlackElo "2039"]

1. e4 e5 2. Nf3 Nc6 3. d4 exd4 4. Nxd4 Bc5 5. c3 Nf6 6. Nxc6 bxc6 7. Bd3 O-O 8.
O-O Re8 9. Qe2 d5 10. e5 Bg4 0-1

[Event "AUTO-OPEN-4607"]
[Site "http://www.queenalice.com/game.php?id=1861051"]
[Date "2025.8.4"]
[Round "1"]
[White "Jsc"]
[Black "Rafale2000"]
[Result "0-1"]
[WhiteElo "1924"]
[BlackElo "1969"]

1. e4 Nf6 2. e5 Nd5 3. c4 Nb6 4. a4 a5 5. Nf3 d5 6. cxd5 Qxd5 7. Nc3 Qe6 8. d4
Nd5 9. Ng5 Qd7 10. Qf3 e6 11. Bc4 Bb4 12. O-O Bxc3 13. Bxd5 exd5 14. bxc3 O-O
15. Ba3 Re8 16. Qh5 h6 17. Nf3 Qf5 18. Qxf5 Bxf5 0-1

[Event "AUTO-OPEN-4607"]
[Site "http://www.queenalice.com/game.php?id=1861052"]
[Date "2025.8.4"]
[Round "1"]
[White "Rafale2000"]
[Black "Jsc"]
[Result "0-1"]
[WhiteElo "1910"]
[BlackElo "2025"]

1. e4 e6 2. d4 d5 3. Nd2 dxe4 4. Nxe4 Nf6 5. Nxf6+ Qxf6 6. Nf3 h6 7. c4 b6 8.
Bd3 Bb7 9. Be3 Bb4+ 10. Bd2 Bxd2+ 11. Kxd2 O-O 12. Re1 c5 13. Qe2 cxd4 14. Nxd4
Qxd4 15. b3 Nd7 16. f3 Nc5 17. Kc2 Nxd3 18. Qxd3 Qxd3+ 19. Kxd3 Rfd8+ 20. Ke3
Rd6 21. Rad1 Rad8 22. Rxd6 Rxd6 23. Re2 Kf8 24. Kf2 Ke7 25. Kg3 Rd3 26. Kf4 Kd6
27. h4 Kc5 28. Ke5 b5 29. cxb5 Kxb5 30. Kf4 Kb4 31. Kg4 Kc3 32. h5 Rd4+ 33. Kg3
Bd5 34. f4 Rd2 0-1

[Event "AUTO-MASTER-3276"]
[Site "http://www.queenalice.com/game.php?id=1861139"]
[Date "2025.8.5"]
[Round "1"]
[White "tucuman10"]
[Black "Jsc"]
[Result "1-0"]
[WhiteElo "2153"]
[BlackElo "1865"]

1. d4 d5 2. c4 dxc4 3. e4 e5 4. Nf3 exd4 5. Bxc4 h6 6. Ne5 Be6 7. O-O Bxc4 8.
Nxc4 Bc5 9. Qb3 b6 10. Ne5 Qe7 11. Qd5 c6 12. Nxc6 Qd6 13. Qxd6 1-0

[Event "AUTO-MASTER-3276"]
[Site "http://www.queenalice.com/game.php?id=1861140"]
[Date "2025.8.5"]
[Round "1"]
[White "Jsc"]
[Black "tucuman10"]
[Result "0-1"]
[WhiteElo "2057"]
[BlackElo "2063"]

1. e4 e6 2. d4 d5 3. e5 Nc6 4. a3 f6 5. Bd3 fxe5 6. dxe5 Nxe5 7. Qh5+ Nf7 8. Nf3
g6 9. Qg4 e5 10. Qa4+ Bd7 11. Bb5 c6 12. Be2 e4 13. Nfd2 Bg7 14. O-O Ne7 15. Qb3
Qc7 16. f4 Nf5 17. g4 Nd4 0-1

[Event "AUTO-MASTER-3276"]
[Site "http://www.queenalice.com/game.php?id=1861155"]
[Date "2025.8.5"]
[Round "1"]
[White "pomar"]
[Black "Jsc"]
[Result "1-0"]
[WhiteElo "1880"]
[BlackElo "1776"]

1. f3 d5 2. Kf2 e5 3. e3 a6 4. d4 e4 5. c4 c6 6. cxd5 cxd5 7. Nc3 Nf6 8. g3 exf3
9. Qxf3 Bd6 10. Bh3 Bxh3 11. Nxh3 O-O 12. Kg2 Bc7 13. Rf1 Nc6 14. Qf5 h6 15. Nf4
Re8 16. Nh5 Re6 17. Nxf6+ Rxf6 18. Qxd5 1-0

[Event "AUTO-MASTER-3276"]
[Site "http://www.queenalice.com/game.php?id=1861156"]
[Date "2025.8.5"]
[Round "1"]
[White "Jsc"]
[Black "pomar"]
[Result "1-0"]
[WhiteElo "2035"]
[BlackElo "1831"]

1. e4 e6 2. d4 d5 3. e5 c5 4. c3 Qb6 5. Nf3 Nc6 6. Bd3 cxd4 7. cxd4 Bd7 8. Bc2
Bb4+ 9. Nc3 Nge7 10. a3 Bxc3+ 11. bxc3 Qa5 12. Bb2 b5 13. O-O O-O 14. Qd3 a6 15.
Qxh7# 1-0

[Event "AUTO-MASTER-3276"]
[Site "http://www.queenalice.com/game.php?id=1861168"]
[Date "2025.8.5"]
[Round "1"]
[White "cerenzo72"]
[Black "Jsc"]
[Result "1-0"]
[WhiteElo "2173"]
[BlackElo "1861"]

1. e4 e6 2. Nf3 c5 3. d4 cxd4 4. Nxd4 Nc6 5. c3 Bc5 6. g3 Qf6 7. Be3 e5 8. Nc2
Bxe3 9. Nxe3 d6 10. Nd5 Qd8 11. Bg2 Nge7 12. c4 O-O 13. Nbc3 f5 14. exf5 Nxd5
15. Bxd5+ Kh8 16. g4 Nd4 17. Qd3 Qh4 18. h3 Rb8 19. Rf1 Bd7 20. O-O-O b5 21. Ne4
bxc4 22. Bxc4 Rfc8 23. Nxd6 Qh6+ 24. f4 Qxd6 25. fxe5 Qh6+ 26. Kb1 Bb5 27. Qxd4
Bxc4 28. Rf2 Qa6 29. b3 1-0

[Event "AUTO-OPEN-4591"]
[Site "http://www.queenalice.com/game.php?id=1861437"]
[Date "2025.8.11"]
[Round "2"]
[White "Jsc"]
[Black "Fischercat"]
[Result "0-1"]
[WhiteElo "1608"]
[BlackElo "1816"]

1. e4 e5 2. Nf3 d6 3. h3 Be6 4. c3 Nf6 5. Bd3 d5 6. Nxe5 dxe4 7. Bc2 Qd6 8. d4
Nbd7 9. Nxd7 Bxd7 10. O-O O-O-O 0-1

[Event "AUTO-OPEN-4591"]
[Site "http://www.queenalice.com/game.php?id=1861440"]
[Date "2025.8.11"]
[Round "2"]
[White "rmvwoods"]
[Black "Jsc"]
[Result "1-0"]
[WhiteElo "1951"]
[BlackElo "1910"]

1. e4 e6 2. d4 d5 3. e5 c5 4. c3 Nc6 5. Nf3 Qb6 6. Be2 Bd7 7. O-O Rc8 8. b3 cxd4
9. cxd4 Nge7 10. Be3 Nf5 11. Nc3 Nxe3 12. fxe3 Be7 13. Rc1 O-O 14. e4 1-0

[Event "AUTO-OPEN-4591"]
[Site "http://www.queenalice.com/game.php?id=1861441"]
[Date "2025.8.11"]
[Round "2"]
[White "Jsc"]
[Black "rmvwoods"]
[Result "0-1"]
[WhiteElo "1896"]
[BlackElo "1965"]

1. e4 e5 2. Nf3 d6 3. h3 Be6 4. c3 Nf6 5. Bd3 Nbd7 6. Ng5 Qe7 7. Nxe6 Qxe6 8.
O-O d5 9. exd5 Qxd5 10. Bc2 Bc5 0-1